Diwatik : (Record no. 285095)
[ view plain ]
| 000 -LEADER | |
|---|---|
| fixed length control field | 00593nam a22001457a 4500 |
| 008 - FIXED-LENGTH DATA ELEMENTS--GENERAL INFORMATION | |
| fixed length control field | 150609b xxu||||| |||| 00| 0 eng d |
| 020 ## - INTERNATIONAL STANDARD BOOK NUMBER | |
| International Standard Book Number | 9789710161935 |
| 050 ## - LIBRARY OF CONGRESS CALL NUMBER | |
| Classification number | PL 6053 |
| Item number | SA237 2015 |
| 100 ## - MAIN ENTRY--PERSONAL NAME | |
| Personal name | Santos, Christiana S. |
| 245 ## - TITLE STATEMENT | |
| Title | Diwatik : |
| Remainder of title | modyul sa filipino (baitang 10) batay sa kurikulum ng k-12 ikatlong markahan .-- |
| Statement of responsibility, etc | Cristiana S. Santos ; Gabriel B. Bautista Jr. ; Edited by Robinson K. Cedre |
| 260 ## - PUBLICATION, DISTRIBUTION, ETC. (IMPRINT) | |
| Place of publication, distribution, etc | Malabon City |
| Name of publisher, distributor, etc | Jimczyville Publications |
| Date of publication, distribution, etc | c2015 |
| 300 ## - PHYSICAL DESCRIPTION | |
| Extent | i, 72 p., |
| Dimensions | ; 27 cm. |
| Accompanying material | Manual |
| 700 ## - ADDED ENTRY--PERSONAL NAME | |
| Personal name | Bautista, Gabriel Jr., Cedre, Robinson K. |
| 942 ## - ADDED ENTRY ELEMENTS (KOHA) | |
| Source of classification or shelving scheme | Library of Congress Classification |
| Item type | Books |
| Withdrawn status | Lost status | Source of classification or shelving scheme | Damaged status | Home library | Current library | Shelving location | Date acquired | Source of acquisition | Total Checkouts | Full call number | Barcode | Date last seen | Price effective from | Koha item type |
|---|---|---|---|---|---|---|---|---|---|---|---|---|---|---|
| Library of Congress Classification | Luxembourg Library | Luxembourg Library | Teachers Reference Section | 06/09/2015 | Library Fund | PL 6053 SA237 2015 | 19991 | 06/09/2015 | 06/09/2015 | Books |